000 00470nam a2200193Ia 4500
005 20140405085108.0
008 140130s9999 xx 000 0 und d
020 _a0590275569
050 _aPZ 7
_b.T888 1994
100 _aTuchman, Gail
245 _cGail Tuchman.
_aSwing, swing, swing /
260 _bScholastic,
_aUSA :
_c1994.
300 _a16 p. :
_bcol. ill. ;
_c22 cm.
440 _v1
521 _aBR
526 _cBR
942 _cBK
_2lcc
999 _c41590
_d41590